[Event "PAR-ch"]
[Site "Asuncion"]
[Date "2010.06.27"]
[Round "7"]
[White "Gimenez Samaniego, Victor"]
[Black "Riva, Eric"]
[Result "0-1"]
[WhiteElo "1552"]
[BlackElo "1639"]
[PlyCount "118"]
[EventDate "2010.06.12"]
[EventType "swiss"]
[EventRounds "9"]
[EventCountry "PAR"]
[SourceTitle "CBM 137 Extra"]
[Source "ChessBase"]
[SourceDate "2010.09.01"]
[SourceVersion "1"]
[SourceVersionDate "2010.09.01"]
[SourceQuality "1"]

1. e4 e6 2. d4 Nc6 3. Nf3 d6 4. Bd3 Nf6 5. 0-0 Nb4 6. c3 Nxd3 7. Qxd3 Be7 8. Re1 0-0 9. Nbd2 b6 10. Nf1 Bb7 11. Ng3 h6 12. h3 c5 13. Nh2 Rc8 14. Ng4 Nxg4 15. hxg4 Qc7 16. f4 cxd4 17. cxd4 Qc2 18. Qe3 Bh4 19. Re2 Qd1+ 20. Kh2 Bxg3+ 21. Kxg3 Bxe4 22. Rd2 Qh1 23. Qxe4 Rxc1 24. Rxc1 Qxc1 25. Qc2 Qe1+ 26. Kf3 Qf1+ 27. Rf2 Qb5 28. b3 Qd5+ 29. Qe4 Qxe4+ 30. Kxe4 Rc8 31. Kd3 b5 32. Rc2 Rxc2 33. Kxc2 Kf8 34. Kc3 a5 35. a4 bxa4 36. bxa4 d5 37. Kd3 Ke7 38. g3 f6 39. Ke3 Kd6 40. Kd3 e5 41. f5 Ke7 42. Ke3 Kf7 43. Kd3 g6 44. Ke3 h5 45. dxe5 fxe5 46. gxh5 gxh5 47. Kd3 Kf6 48. Ke3 Kxf5 49. Kd3 Kg4 50. Ke3 Kxg3 51. Kd3 h4 52. Ke2 Kg2 53. Ke3 h3 54. Ke2 h2 55. Ke3 h1Q 56. Kd2 Kf2 57. Kd3 Qe1 58. Kc2 Qe3 59. Kd1 d4 0-1

[Event "PAR-ch"]
[Site "Asuncion"]
[Date "2010.06.20"]
[Round "5"]
[White "Zarate, Fernandoh"]
[Black "Gimenez Samaniego, Victor"]
[Result "1/2-1/2"]
[WhiteElo "1662"]
[BlackElo "1552"]
[PlyCount "67"]
[EventDate "2010.06.12"]
[EventType "swiss"]
[EventRounds "9"]
[EventCountry "PAR"]
[SourceTitle "CBM 137 Extra"]
[Source "ChessBase"]
[SourceDate "2010.09.01"]
[SourceVersion "1"]
[SourceVersionDate "2010.09.01"]
[SourceQuality "1"]

1. e4 e6 2. d4 d5 3. Nc3 Nc6 4. e5 f6 5. f4 Nh6 6. Nf3 Be7 7. h3 fxe5 8. fxe5 Nf5 9. Bf4 Bh4+ 10. Kd2 Bg3 11. Bg5 Qd7 12. Bb5 h6 13. Bh4 Bf4+ 14. Ke2 Bg3 15. Kd2 Bf4+ 16. Ke2 a6 17. Bxc6 Qxc6 18. Bf2 Bd7 19. Qd3 0-0-0 20. b3 Be8 21. Na4 Bg6 22. Qd1 Qb5+ 23. Ke1 Ng3 24. Rg1 Qa5+ 25. c3 b5 26. Nh4 Be4 27. Qg4 g5 28. Qxe6+ Kb8 29. Ng6 Bxg6 30. Qxg6 bxa4 31. Qd3 Ne4 32. bxa4 Qxc3+ 33. Qxc3 Nxc3 34. g3 1/2-1/2

[Event "PAR-ch"]
[Site "Asuncion"]
[Date "2010.06.13"]
[Round "3"]
[White "Gimenez Samaniego, Victor"]
[Black "Toledo, Orlando"]
[Result "0-1"]
[WhiteElo "1552"]
[BlackElo "1784"]
[PlyCount "114"]
[EventDate "2010.06.12"]
[EventType "swiss"]
[EventRounds "9"]
[EventCountry "PAR"]
[SourceTitle "CBM 137 Extra"]
[Source "ChessBase"]
[SourceDate "2010.09.01"]
[SourceVersion "1"]
[SourceVersionDate "2010.09.01"]
[SourceQuality "1"]

1. e4 e5 2. d4 exd4 3. c3 dxc3 4. Nxc3 d6 5. Nf3 Nf6 6. Bc4 Be7 7. 0-0 0-0 8. Qb3 Nc6 9. Ng5 Qe8 10. Nb5 Bd8 11. f4 Na5 12. Bxf7+ Rxf7 13. Qxf7+ Qxf7 14. Nxf7 Kxf7 15. e5 Ne4 16. Re1 d5 17. b3 c6 18. Nd6+ Nxd6 19. exd6 Bf6 20. Ba3 b5 21. Rac1 Bd7 22. Bb4 Nb7 23. a4 bxa4 24. bxa4 c5 25. Ba3 Bd4+ 26. Kh1 Re8 27. Red1 Re3 28. Rb1 Rxa3 29. Rxb7 Ke6 30. Rxa7 Rxa4 31. Re1+ Kxd6 32. Rb7 Ra1 33. Rxa1 Bxa1 34. Kg1 Bd4+ 35. Kf1 c4 36. Ke1 c3 37. Rb1 c2 38. Rc1 Bf5 39. Kd2 Bb2 40. Rxc2 Bxc2 41. Kxc2 Bd4 42. Kd3 Kc5 43. g4 Bf2 44. Ke2 Bg1 45. h4 Kd4 46. Kf3 Bh2 47. f5 h6 48. g5 hxg5 49. hxg5 Be5 50. Kg4 Ke4 51. g6 d4 52. Kh5 d3 53. Kg4 d2 54. Kh4 Bf6+ 55. Kh3 d1Q 56. Kh2 Kf3 57. Kh3 Qh1# 0-1

[Event "PAR-ch"]
[Site "Asuncion"]
[Date "2010.06.12"]
[Round "2"]
[White "Gutierrez, Santiago"]
[Black "Gimenez Samaniego, Victor"]
[Result "1-0"]
[WhiteElo "1832"]
[BlackElo "1552"]
[PlyCount "41"]
[EventDate "2010.06.12"]
[EventType "swiss"]
[EventRounds "9"]
[EventCountry "PAR"]
[SourceTitle "CBM 137 Extra"]
[Source "ChessBase"]
[SourceDate "2010.09.01"]
[SourceVersion "1"]
[SourceVersionDate "2010.09.01"]
[SourceQuality "1"]

1. e4 e6 2. d4 d5 3. exd5 exd5 4. Bd3 Nc6 5. Ne2 Bd6 6. 0-0 Nge7 7. c4 dxc4 8. Bxc4 0-0 9. Bg5 Bf5 10. a3 Qd7 11. Nbc3 Ng6 12. Qd2 Na5 13. Ba2 h6 14. Be3 Nh4 15. Ng3 Bg4 16. f3 Bf5 17. Nce4 Bxe4 18. Nxe4 Qf5 19. Rae1 Kh7 20. b4 Nc6 21. Bb1 1-0

[Event "Asuncion Preclasificatorio Mayor"]
[Site "Asuncion"]
[Date "2010.04.21"]
[Round "4"]
[White "Gimenez Samaniego, Victor"]
[Black "Buzo, Juan Carlos"]
[Result "1-0"]
[WhiteElo "2300"]
[BlackElo "1830"]
[PlyCount "65"]
[EventDate "2010.04.05"]
[EventType "swiss"]
[EventRounds "9"]
[EventCountry "PAR"]
[SourceTitle "EXT 2023"]
[Source "ChessBase"]
[SourceDate "2022.10.05"]
[SourceVersion "1"]
[SourceVersionDate "2022.10.05"]
[SourceQuality "1"]

1. e4 d6 2. d4 Nf6 3. Nc3 g6 4. f4 Bg7 5. Nf3 0-0 6. Bd3 Na6 7. 0-0 c5 8. d5 Nc7 9. Qe1 a6 10. Qh4 b5 11. f5 c4 12. Be2 b4 13. Nd1 c3 14. bxc3 bxc3 15. Bh6 Nb5 16. Ng5 Nd4 17. fxg6 Qb6 18. Kh1 fxg6 19. Bxg7 Kxg7 20. Rxf6 Kxf6 21. Ne6+ Kf7 22. Qxh7+ Ke8 23. Qxg6+ Kd7 24. Nxf8+ Kc7 25. Bd3 Rb8 26. Qf7 Rb7 27. Qxe7+ Kb8 28. Qh4 Rf7 29. Nxc3 Ka7 30. Rb1 Qc5 31. Qd8 Rc7 32. Na4 Qa5 33. Nb6 1-0

[Event "Asuncion Preclasificatorio Mayor"]
[Site "Asuncion"]
[Date "2010.04.20"]
[Round "3"]
[White "Samir, Venica"]
[Black "Gimenez Samaniego, Victor"]
[Result "0-1"]
[WhiteElo "1411"]
[BlackElo "2300"]
[PlyCount "94"]
[EventDate "2010.04.05"]
[EventType "swiss"]
[EventRounds "9"]
[EventCountry "PAR"]
[SourceTitle "EXT 2023"]
[Source "ChessBase"]
[SourceDate "2022.10.05"]
[SourceVersion "1"]
[SourceVersionDate "2022.10.05"]
[SourceQuality "1"]

1. e4 e6 2. d4 d5 3. e5 c5 4. Nf3 Qb6 5. Nc3 Nc6 6. Bb5 Bd7 7. Be3 a6 8. Bxc6 Bxc6 9. b3 Qa5 10. Qd2 c4 11. a3 cxb3 12. cxb3 Bxa3 13. 0-0 Qb4 14. Qc2 Qe7 15. Qa2 Bb4 16. Rac1 Qd7 17. Bd2 Ne7 18. Rfe1 0-0 19. Qc2 f5 20. Ne2 Bxd2 21. Qxd2 h6 22. h3 g5 23. Rc3 Rf7 24. Qd3 Bb5 25. Qc2 Nc6 26. Qd2 Rg7 27. Nh2 g4 28. Qxh6 Bxe2 29. Rxe2 Nxd4 30. Rd2 Nc6 31. Qf4 Rf8 32. Rdd3 Qe7 33. Rg3 Qa3 34. Qh6 Qa1+ 35. Qc1 Qxc1+ 36. Rxc1 Nxe5 37. Re1 f4 38. Rc3 d4 39. Rc2 Rg5 40. hxg4 d3 41. Rd2 Rc8 42. Nf3 Nxf3+ 43. gxf3 Rd5 44. Rxe6 Rc2 45. Rd1 d2 46. Re2 Rc1 47. Rexd2 Rxd1+ 0-1